| 000 | 00499nam a22001817a 4500 | ||
|---|---|---|---|
| 005 | 20140422153501.0 | ||
| 010 | _aENG-109317 | ||
| 020 |
_a9789350450444 _c250.00 |
||
| 035 | _aEN-92850 | ||
| 037 | _bDBAD/PUB | ||
| 082 | _a881 | ||
| 100 | _a Mohanty, Bijay | ||
| 245 |
_aMoored to the shadow / _cby Bijay Mohanty |
||
| 260 |
_aKolkata _bWriters Workshop _c2012 |
||
| 270 |
_a162/92 Lake Gardens _bKolkata _e700045 |
||
| 300 |
_a131p. _c22cm(Hb) |
||
| 942 |
_2ddc _cEN _mMOH _h881 |
||
| 999 |
_c82557 _d82557 |
||